000 00722nam a2200217Ii 4500
003 JO-AjNU
008 230605s9999||||xx |||||||||||||| ||und||
020 _a978-605-80702-5-7
040 _aJO-AjNU
_bara
_erda
_cJO-AjNU
041 _aara
050 1 4 _aBP70.2020
100 3 _aيشو، حسن,
_eauthor
_964094
245 0 0 _aالشَيخ عبد الملك السعدي: مسيرة حياة علمية حافلة
250 _aط1
264 3 1 _aبغداد: مؤسسة البصائر للدراسات والنشر، 2020
300 _a536ص
336 _atext
_btxt
_2rdacontent
337 _aunmediated
_bn
_2rdamedia
338 _avolume
_bnc
_2rdacarrier
650 4 _aعلماء المسلمين-تراجم
_964095
999 _aA29108
_c32676
_d32676